Wildlife issues in a changing world

Bibliographic Details
Main Author: MOULTON
Other Authors: Sanderson
Format: Book
Published: Boca Raton, Fla. : Lewis Pub. , 1999.
Edition:2nd ed.
Subjects:

MARC

LEADER 00000cam a2200000 7i4500
001 0000002069
005 20020919.0
020 0 0 |a 1566703514 
090 0 0 |a 333.95416   |b MOU 1999 
100 1 0 |a MOULTON   |h Michael Platt 
245 1 0 |a Wildlife issues in a changing world   |c Michael P. Moulton, James Sanderson 
250 0 0 |a 2nd ed. 
260 0 0 |a Boca Raton, Fla. :   |b Lewis Pub. ,   |c 1999. 
300 |a xvii, 500 p. :   |b ill., maps ;   |c 23 cm. 
500 0 0 |a Includes bibliographical references and index 
650 0 0 |a Animals 
650 0 0 |a Endangered species 
650 0 0 |a Human-animal relationships 
650 0 0 |a Wildlife conservation 
700 0 1 |a Sanderson   |h James 
998 |a JPSM 
999 |a 0000003448   |b Monograph   |c Open Shelf   |e Default branch